[Event "Barcelona Vila Gracia Seniors 55 op 3rd"]
[Site "Barcelona"]
[Date "2016.03.14"]
[Round "2.7"]
[White "Arahuete Marti, Manuel"]
[Black "Zaiats, Vladimir"]
[Result "1/2-1/2"]
[WhiteElo "1833"]
[BlackElo "1960"]
[PlyCount "49"]
[EventDate "2016.03.07"]
[EventType "swiss"]
[EventRounds "8"]
[EventCountry "ESP"]
[SourceTitle "EXT 2024"]
[Source "ChessBase"]
[SourceDate "2023.10.10"]
[SourceVersion "1"]
[SourceVersionDate "2023.10.10"]
[SourceQuality "1"]

1. d4 d5 2. c4 e6 3. Nc3 c5 4. e3 Nf6 5. Nf3 Nc6 6. Be2 dxc4 7. Bxc4 cxd4 8. exd4 Be7 9. 0-0 0-0 10. Re1 Nb4 11. a3 Nbd5 12. Qd3 Nb6 13. Bb3 Nbd7 14. Bc2 Re8 15. Bf4 Nf8 16. Nb5 Nd5 17. Bg3 a6 18. Nc3 Bd7 19. Ne5 Bc6 20. Nxc6 bxc6 21. Nxd5 cxd5 22. Ba4 Nd7 23. Rac1 Ra7 24. Rc3 Rf8 25. Bxd7 1/2-1/2

[Event "Canovelles op 11th"]
[Site "Canovelles"]
[Date "2008.04.11"]
[Round "5.9"]
[White "Arahuete Marti, Manuel"]
[Black "Vizcaino Marin, Jose Luis"]
[Result "1/2-1/2"]
[WhiteElo "2074"]
[BlackElo "1881"]
[PlyCount "40"]
[EventDate "2008.03.07"]
[EventType "swiss"]
[EventRounds "9"]
[EventCountry "ESP"]
[SourceTitle "EXT 2024"]
[Source "ChessBase"]
[SourceDate "2023.10.10"]
[SourceVersion "1"]
[SourceVersionDate "2023.10.10"]
[SourceQuality "1"]

1. e4 e6 2. Nc3 d5 3. Nf3 dxe4 4. Nxe4 Nd7 5. d4 Ngf6 6. Ng3 c5 7. Be2 b6 8. 0-0 Bb7 9. Re1 Be7 10. Bg5 0-0 11. c4 Qc7 12. Qd2 cxd4 13. Nxd4 a6 14. Rad1 Rfd8 15. Qc3 Nc5 16. Bf3 Na4 17. Qc2 Bxf3 18. Nxf3 Nc5 19. Qe2 Rac8 20. b3 Ncd7 1/2-1/2